00949pab a2200145 454500008003900000100001700039245003900056260000800095300001600103362001100119520059600130650002200726700002100748773003400769180718b005 xxu||||| |||| 00| 0 eng d aSuneetha, A. aAdjudicating (Un) domestic battles c005 ap.4101-103. a17 Sep aConsidering that domestic violence emerges in a context where women are refusing to conform to given roles and seeking to change them, to what extent can legal intervention empower them in their struggles? What is of concern here is that the current perspectives focusing on violence and victimhood are not able to capture these strategic battles of women. The seemingly "natural" response of looking to law for resolutions is a problematic move - one that individualises the woman into a case and leads to a depoliticisation of the discussion of women's battles in the family. - Reproduced. aDomestic violence aNagaraj, Vasudha aEconomic and Political Weekly